| 000 | 00599nam a2200217 a 4500 | ||
|---|---|---|---|
| 005 | 20140310183501.0 | ||
| 008 | 100304s19uu xx 00 eng d | ||
| 020 | _a81-8061-169-8 | ||
| 050 |
_aRT 73 _b.B297 2003 |
||
| 100 | _aBasavanthappa, BT | ||
| 245 |
_aNursing education / _cBT Basavanthappa. |
||
| 260 |
_aNew Delhi : _bJaypee Brothers, _cc2003. |
||
| 300 |
_a705 p. : _c28 cm. |
||
| 500 | _aIncludes Index. | ||
| 521 | _aNUR | ||
| 650 |
_aNursing _xEducation. |
||
| 650 |
_aNursing _xProfession. |
||
| 650 |
_aNursing _xStudy and teaching. |
||
| 942 |
_cBK _2lcc _kFOR |
||
| 999 |
_c23898 _d23898 |
||